Gaming Quiz

Random Gaming or Video Games Quiz
Score 0/20 Timer 05:00
0 Plays Today
% Correct
Pac-Man
91.7%
Pong
90.3%
Donkey Kong
89.8%
BurgerTime
85.7%
Paperboy
85.6%
Frogger
85.1%
Dig Dug
82.3%
Asteroids
81.1%
Space Invaders
80.3%
Q*bert
79.7%
% Correct
Tron
78.8%
Centipede
78.1%
Joust
73.6%
Sinistar
71.6%
Rampage
70.7%
Dragon's Lair
70.3%
Galaga
68.3%
Out Run
66.1%
Tapper
64.9%
Gauntlet
58.5%
Remove Ads.
Support Sporcle.
Get the best of Sporcle when you Go Orange. This ad-free experience offers more features, more stats, and more fun while also helping to support Sporcle. Thank you for becoming a member.

You're not logged in!

Compare scores with friends on all Sporcle quizzes.
OR
Log In

Sporcle TV

Today on Sporcle TV


Watch our educational content, quiz creation guides, and fun videos on Sporcle TV.

Show Comments

Extras

Top Quizzes Today


Score Distribution

Paid Content

Your Account Isn't Verified!

In order to create a playlist on Sporcle, you need to verify the email address you used during registration. Go to your Sporcle Settings to finish the process.

Report this User

Report this user for behavior that violates our Community Guidelines.

Details: